Hướng dẫn về quan hệ quốc tế trong giáo dục và đào tạo.
Những thông tin cơ bản về các mối quan hệ quốc tế giữa Việt Nam và các nước trên thế giới trong giáo dục và đào tạo, về cách thức và thủ tục làm đơn xin học bổng ở các nước và các dự án quốc tế...
Bewaard in:
| Formaat: | Boek |
|---|---|
| Taal: | Vietnamese |
| Gepubliceerd in: |
Hà Nội :
Giáo dục,
1996.
|
| Onderwerpen: | |
| Tags: |
Voeg label toe
Geen labels, Wees de eerste die dit record labelt!
|
| Thư viện lưu trữ: | Mạng thư viện Đại học Đà Nẵng |
|---|
| LEADER | 01044cam a2200313 i 4500 | ||
|---|---|---|---|
| 001 | 000042571 | ||
| 003 | 445 | ||
| 005 | 20030916161648.0 | ||
| 008 | 010217b1996 vm 000 vie | ||
| 022 | |a T | ||
| 040 | |a IRC |c IRC |d IRC | ||
| 041 | 0 | |a vie | |
| 082 | 1 | 4 | |a 370.196 |b Hư-D |
| 245 | 0 | 0 | |a Hướng dẫn về quan hệ quốc tế trong giáo dục và đào tạo. |
| 260 | |a Hà Nội : |b Giáo dục, |c 1996. | ||
| 300 | |a 524tr. ; |c 22cm. | ||
| 520 | 3 | |a Những thông tin cơ bản về các mối quan hệ quốc tế giữa Việt Nam và các nước trên thế giới trong giáo dục và đào tạo, về cách thức và thủ tục làm đơn xin học bổng ở các nước và các dự án quốc tế... | |
| 630 | 0 | 4 | |a Giáo dục. |
| 650 | 0 | 4 | |a Giáo dục các quốc gia. |
| OWN | |a DUT | ||
| 999 | |a From the UDN01 | ||
| TYP | |a Monograph | ||
| TYP | |a Printed language | ||
| 980 | |a Mạng thư viện Đại học Đà Nẵng | ||